| 000 | 00732cam a22002298a 4500 | ||
|---|---|---|---|
| 001 | 13752589 | ||
| 005 | 20241209164912.0 | ||
| 008 | 041015s2006 nju b 001 0 eng | ||
| 020 | _a9780131469129 | ||
| 050 | 0 | 0 |
_aQH308.2 _b.A936 2006 |
| 082 | 0 | 0 |
_a570 _222 |
| 100 | 1 | _aAudesirk, Teresa. | |
| 245 | 1 | 0 |
_aLife on earth / _cTeresa Audesirk, Gerald Audesirk, and Bruce E. Byers. |
| 250 | _a4th ed. | ||
| 260 |
_aUpper Saddle River, N.J. : _bPearson Prentice Hall, _c2006. |
||
| 300 |
_avarious paging _bill. color _c27.5cm |
||
| 650 | 0 | _aBiology. | |
| 700 | 1 | _aAudesirk, Gerald. | |
| 700 | 1 | _aByers, Bruce E. | |
| 856 | 4 | 1 |
_3Table of contents _uhttp://www.loc.gov/catdir/toc/ecip052/2004024419.html |
| 942 |
_2lcc _cBK _e4th ed. _n0 |
||
| 999 |
_c2017 _d2017 |
||